00535nam a2200169 a 450000100100000000500170001000800410002702000150006804000250008308200170010810000250012524500500015026000440020030000210024449000500026583000500031500003964520201002033645.0130712s1984 mx 000 0 spa d a9688470635 aDO-SdBNPbspacBNPHU axxxxxcxxxxx1 aUslar Pietri, Arturo13aLa isla de Róbinson /cArturo Uslar Pietri. aMéxico :bSeix BarralbOrigen,c1984. a314 p. ;c20 cm.1 aObras maestras de la literatura contemporanea 0aObras maestras de la literatura contemporanea